| 000 | 00573nam a2200169 a 4500 | ||
|---|---|---|---|
| 001 | 000047505 | ||
| 005 | 20201002060557.0 | ||
| 008 | 180613s198u dr ac 000 0 spa d | ||
| 040 |
_aDO-SdBNP _bspa _cBNPHU |
||
| 082 |
_axxx _bxxxx |
||
| 100 | 1 |
_aConrado Cedeño, Luis _968606 |
|
| 245 | 1 | 0 |
_aSemantica política / _cLuis Conrado Cedeño. |
| 246 | 1 | 0 |
_aSemantica política _bo vocabulario de la revolución democrática / _bLuis Conrado Cedeño |
| 260 |
_aSanto Domingo, : _b[s.d.], _c[198-.]. |
||
| 300 |
_a177 p. : _bil., retrs. ; _c17 cm. |
||
| 590 | _aInventariado, 2018/ YL | ||
| 999 |
_c46993 _d46993 |
||